[Event "RUS-Cup final"]
[Site "Ekaterinburg"]
[Date "1999.??.??"]
[Round "8"]
[White "Kharlov, Andrei"]
[Black "Rashkovsky, Nukhim"]
[Result "1/2-1/2"]
[WhiteElo "2600"]
[BlackElo "2525"]
[PlyCount "20"]
[EventDate "1999.08.28"]
[EventType "tourn"]
[EventRounds "11"]
[EventCountry "RUS"]
[EventCategory "11"]
[SourceTitle "CBM 075"]
[Source "ChessBase"]
[SourceDate "2000.04.05"]
[SourceVersion "1"]
[SourceVersionDate "2000.04.05"]
[SourceQuality "1"]

1. d4 d5 2. Nf3 Nf6 3. Bf4 Bf5 4. e3 e6 5. Ne5 Nbd7 6. Nd2 Nxe5 7. Bxe5 Bd6 8.
Bxd6 cxd6 9. Bd3 Bxd3 10. cxd3 Nd7 1/2-1/2

[Event "RUS-Cup final"]
[Site "Ekaterinburg"]
[Date "1999.??.??"]
[Round "10"]
[White "Kharlov, Andrei"]
[Black "Goloshchapov, Alexander"]
[Result "1/2-1/2"]
[WhiteElo "2600"]
[BlackElo "2446"]
[PlyCount "39"]
[EventDate "1999.08.28"]
[EventType "tourn"]
[EventRounds "11"]
[EventCountry "RUS"]
[EventCategory "11"]
[SourceTitle "CBM 075"]
[Source "ChessBase"]
[SourceDate "2000.04.05"]
[SourceVersion "1"]
[SourceVersionDate "2000.04.05"]
[SourceQuality "1"]

1. d4 d5 2. Nf3 Nf6 3. c4 c6 4. Nc3 e6 5. Qb3 dxc4 6. Qxc4 b5 7. Qb3 Nbd7 8.
Bg5 Be7 9. g3 Bb7 10. Bg2 a6 11. Ne5 Nxe5 12. dxe5 Nd7 13. Bxe7 Qxe7 14. f4 O-O
15. Rd1 Nb6 16. Ne4 c5 17. O-O Bxe4 18. Bxe4 Rad8 19. Qa3 Nc4 20. Qc3 1/2-1/2

[Event "Skelleftea Solett op"]
[Site "Skelleftea"]
[Date "1999.09.02"]
[Round "4"]
[White "Kharlov, Andrei"]
[Black "Karlsson, Lars"]
[Result "1-0"]
[WhiteElo "2615"]
[BlackElo "2470"]
[PlyCount "129"]
[EventDate "1999.09.01"]
[EventType "swiss"]
[EventRounds "9"]
[EventCountry "SWE"]
[SourceTitle "EXT 2000"]
[Source "ChessBase"]
[SourceDate "1999.11.16"]
[SourceVersion "1"]
[SourceVersionDate "1999.11.16"]
[SourceQuality "1"]

1. d4 e6 2. e4 d5 3. Nc3 Bb4 4. Nge2 Nc6 5. a3 Ba5 6. Qd3 Nge7 7. Bd2 O-O 8.
O-O-O Rb8 9. exd5 exd5 10. Ng3 Qd6 11. Nb5 Qf6 12. Bxa5 Nxa5 13. Qd2 Nc4 14.
Bxc4 dxc4 15. Rhe1 Nd5 16. f3 c6 17. Nc3 b5 18. Nxd5 cxd5 19. Nh5 Qd8 20. Qf4
Rb6 21. Qe5 f6 22. Qe7 Qxe7 23. Rxe7 Rf7 24. Rde1 Bd7 25. Rxf7 Kxf7 26. Nxg7 a5
27. Nh5 Rd6 28. Nf4 Bc8 29. Kd2 Bb7 30. Rb1 Rb6 31. h4 Ke7 32. b4 a4 33. Rh1
Kf7 34. Rh3 Bc8 35. Rg3 Bf5 36. Nxd5 Rd6 37. Ne3 Rxd4+ 38. Kc3 Rf4 39. h5 h6
40. Kb2 Kf8 41. Nxf5 Rxf5 42. Rg6 Rxh5 43. Rxf6+ Ke7 44. Rb6 Kd7 45. Kc3 Rg5
46. g4 h5 47. f4 Rxg4 48. Rxb5 h4 49. Rh5 Rxf4 50. b5 Kd6 51. Kb4 c3+ 52. Kxc3
h3 53. Rxh3 Kc5 54. Rh5+ Kb6 55. Rd5 Ka5 56. Kd3 Rf3+ 57. Kc4 Rh3 58. Rd3 Rh5
59. Rd5 Rh3 60. c3 Rg3 61. Rd8 Rg4+ 62. Kc5 Rg5+ 63. Rd5 Rg3 64. c4 Rb3 65. Kc6
1-0

[Event "Skelleftea Solett op"]
[Site "Skelleftea"]
[Date "1999.09.02"]
[Round "5"]
[White "Brynell, Stellan"]
[Black "Kharlov, Andrei"]
[Result "0-1"]
[WhiteElo "2488"]
[BlackElo "2615"]
[PlyCount "76"]
[EventDate "1999.09.01"]
[EventType "swiss"]
[EventRounds "9"]
[EventCountry "SWE"]
[SourceTitle "EXT 2000"]
[Source "ChessBase"]
[SourceDate "1999.11.16"]
[SourceVersion "1"]
[SourceVersionDate "1999.11.16"]
[SourceQuality "1"]

1. e4 c5 2. Nf3 Nc6 3. Bb5 d6 4. O-O Bd7 5. Re1 a6 6. Bf1 Bg4 7. d3 e6 8. h3
Bh5 9. c3 Be7 10. Nbd2 Nf6 11. g4 Bg6 12. Nh4 d5 13. f4 dxe4 14. Nxg6 hxg6 15.
dxe4 Qc7 16. Nf3 e5 17. f5 gxf5 18. exf5 e4 19. Ng5 Qg3+ 20. Bg2 Rd8 21. Qe2
Ne5 22. Qe3 Rxh3 23. Qxg3 Rxg3 24. Nxe4 Nf3+ 25. Kf2 Nxe1 26. Nxg3 Nxg2 27.
Kxg2 Rd1 28. Kf3 c4 29. Ke2 Rg1 30. Nf1 Nxg4 31. Bf4 Nh6 32. Bxh6 gxh6 33. b3
Rg2+ 34. Ke3 Rc2 35. Re1 cxb3 36. axb3 Rxc3+ 37. Kd4 Rf3 38. Ne3 Bh4 0-1

[Event "Skelleftea Solett op"]
[Site "Skelleftea"]
[Date "1999.09.03"]
[Round "6"]
[White "Kharlov, Andrei"]
[Black "Sakalauskas, Vaidas"]
[Result "1-0"]
[WhiteElo "2615"]
[BlackElo "2450"]
[PlyCount "123"]
[EventDate "1999.09.01"]
[EventType "swiss"]
[EventRounds "9"]
[EventCountry "SWE"]
[SourceTitle "EXT 2000"]
[Source "ChessBase"]
[SourceDate "1999.11.16"]
[SourceVersion "1"]
[SourceVersionDate "1999.11.16"]
[SourceQuality "1"]

1. e4 e6 2. d4 d5 3. Nc3 Nf6 4. Bg5 dxe4 5. Nxe4 Be7 6. Bxf6 Bxf6 7. Nf3 Nd7 8.
Qd2 O-O 9. O-O-O Be7 10. Bd3 b6 11. h4 Bb7 12. Rh3 Nf6 13. Nxf6+ Bxf6 14. Ng5
h6 15. Nh7 Re8 16. Nxf6+ Qxf6 17. g4 e5 18. dxe5 Rxe5 19. f4 Ree8 20. g5 Qe6
21. Rg3 hxg5 22. Rxg5 f6 23. Rg3 Be4 24. Rdg1 Re7 25. Qe3 Bd5 26. Qxe6+ Bxe6
27. h5 Kf8 28. Rg6 Rae8 29. h6 gxh6 30. Bb5 Rd8 31. Rxf6+ Bf7 32. Rxh6 Re6 33.
Rh8+ Ke7 34. Rh7 Rf6 35. Rf1 Rd4 36. f5 Kd6 37. b3 c6 38. Bd3 c5 39. Kd2 Be6
40. Ke3 Bc8 41. Rxa7 Rf8 42. Rg7 Re8+ 43. Kd2 Ba6 44. Rg6+ Kc7 45. f6 Bxd3 46.
cxd3 Rf8 47. f7 Rd7 48. Rgf6 Kb7 49. R1f4 Ka6 50. Kc3 Ka5 51. R4f5 Ka6 52. Rxc5
Rfxf7 53. Rxf7 Rxf7 54. Re5 Rf2 55. a4 Kb7 56. Kc4 Kc6 57. Re6+ Kc7 58. d4 Rf5
59. b4 Rh5 60. d5 Rg5 61. Re7+ Kc8 62. Kb5 1-0

[Event "Skelleftea Solett op"]
[Site "Skelleftea"]
[Date "1999.09.03"]
[Round "7"]
[White "Ibragimov, Ildar"]
[Black "Kharlov, Andrei"]
[Result "1-0"]
[WhiteElo "2554"]
[BlackElo "2615"]
[PlyCount "95"]
[EventDate "1999.09.01"]
[EventType "swiss"]
[EventRounds "9"]
[EventCountry "SWE"]
[SourceTitle "EXT 2000"]
[Source "ChessBase"]
[SourceDate "1999.11.16"]
[SourceVersion "1"]
[SourceVersionDate "1999.11.16"]
[SourceQuality "1"]

1. d4 d5 2. c4 dxc4 3. e3 Nf6 4. Bxc4 e6 5. Nf3 c5 6. O-O Nc6 7. Qe2 cxd4 8.
Rd1 Be7 9. exd4 O-O 10. a3 b6 11. Nc3 Na5 12. Ba2 Bb7 13. b4 Rc8 14. Bb2 Bxf3
15. gxf3 Nb7 16. d5 e5 17. Qxe5 Re8 18. Ne4 Nd6 19. Ng3 Rc2 20. Rac1 Bf8 21.
Rxc2 Rxe5 22. Bxe5 Nfe8 23. Ne4 f5 24. Nxd6 Bxd6 25. Re1 Kf8 26. Rc6 Bxe5 27.
Rxe5 Nd6 28. Re6 Nb5 29. Re3 g6 30. Rd3 Nd6 31. Kf1 Qf6 32. Re3 Qb2 33. Re1
Qxa2 34. Rxd6 Qxa3 35. Rd8+ Kg7 36. Re3 Qxb4 37. d6 Kh6 38. Kg2 Kg5 39. d7 Qd6
40. Re1 Qc7 41. h4+ Kh6 42. Ree8 a5 43. Rh8 a4 44. h5 g5 45. Rhg8 g4 46. Rg6+
Kxh5 47. Rdg8 gxf3+ 48. Kh3 1-0

[Event "Skelleftea Solett op"]
[Site "Skelleftea"]
[Date "1999.09.04"]
[Round "8"]
[White "Kharlov, Andrei"]
[Black "Hillarp Persson, Tiger"]
[Result "1-0"]
[WhiteElo "2615"]
[BlackElo "2507"]
[PlyCount "49"]
[EventDate "1999.09.01"]
[EventType "swiss"]
[EventRounds "9"]
[EventCountry "SWE"]
[SourceTitle "EXT 2000"]
[Source "ChessBase"]
[SourceDate "1999.11.16"]
[SourceVersion "1"]
[SourceVersionDate "1999.11.16"]
[SourceQuality "1"]

1. d4 d5 2. Nf3 Nf6 3. Bf4 g6 4. e3 Bg7 5. Bd3 c5 6. c3 Nc6 7. Nbd2 O-O 8. h3
Nd7 9. O-O e5 10. dxe5 Ndxe5 11. Bc2 h6 12. Nxe5 Nxe5 13. e4 dxe4 14. Nxe4 b6
15. Nd6 Qf6 16. Bxe5 Qxe5 17. Re1 Qg5 18. Be4 Rb8 19. Bd5 Bxh3 20. Nxf7 Rxf7
21. Bxf7+ Kh7 22. Qd5 Bf5 23. Rad1 Bf6 24. Re8 Rxe8 25. Bxe8 1-0

[Event "Skelleftea Solett op"]
[Site "Skelleftea"]
[Date "1999.09.05"]
[Round "9"]
[White "Wedberg, Tom"]
[Black "Kharlov, Andrei"]
[Result "1/2-1/2"]
[WhiteElo "2487"]
[BlackElo "2615"]
[PlyCount "65"]
[EventDate "1999.09.01"]
[EventType "swiss"]
[EventRounds "9"]
[EventCountry "SWE"]
[SourceTitle "EXT 2000"]
[Source "ChessBase"]
[SourceDate "1999.11.16"]
[SourceVersion "1"]
[SourceVersionDate "1999.11.16"]
[SourceQuality "1"]

1. e4 c5 2. Nf3 Nc6 3. d4 cxd4 4. Nxd4 Nf6 5. Nc3 e5 6. Ndb5 d6 7. Bg5 a6 8.
Na3 b5 9. Bxf6 gxf6 10. Nd5 f5 11. Bd3 Be6 12. O-O Bg7 13. Qh5 f4 14. c4 bxc4
15. Bxc4 O-O 16. Rac1 Kh8 17. Rfd1 Rb8 18. b3 Qd7 19. Qh4 f5 20. Nxf4 exf4 21.
Bxe6 Qxe6 22. Rxc6 fxe4 23. Rcxd6 Qe8 24. Nc4 e3 25. fxe3 fxe3 26. Re1 Qf7 27.
Nxe3 Rbe8 28. h3 Bf6 29. Qc4 Bg5 30. Qc3+ Bf6 31. Qc4 Bg5 32. Qc3+ Bf6 33. Qc4
1/2-1/2

[Event "Bastia Cup"]
[Site "Bastia"]
[Date "1999.12.04"]
[Round "1.1"]
[White "Akopian, Vladimir"]
[Black "Kharlov, Andrei"]
[Result "1-0"]
[WhiteElo "2646"]
[BlackElo "2615"]
[PlyCount "191"]
[EventDate "1999.11.??"]
[EventType "k.o. (rapid)"]
[EventRounds "4"]
[EventCountry "FRA"]
[SourceTitle "CBM 073 ext"]
[Source "ChessBase"]
[SourceDate "2000.01.11"]
[SourceVersion "1"]
[SourceVersionDate "2000.01.11"]
[SourceQuality "1"]

1. e4 c5 2. Nf3 Nc6 3. Bb5 d6 4. O-O Bd7 5. Re1 a6 6. Bxc6 Bxc6 7. b3 Nf6 8. d3
e6 9. Bb2 Be7 10. Nbd2 O-O 11. e5 dxe5 12. Nxe5 Rc8 13. a4 Nd5 14. Ne4 f6 15.
Nxc6 Rxc6 16. a5 Qd7 17. Nd2 e5 18. Nc4 Bd8 19. Qf3 Bc7 20. g3 Rd8 21. Kg2 Nb4
22. Re2 Nd5 23. h4 Qf7 24. h5 Qd7 25. Rh1 Ne7 26. Re4 Qf5 27. Qe2 Nd5 28. h6 g5
29. Qh5 Qg6 30. Qf3 Ne7 31. g4 Nd5 32. Bc1 Rd7 33. Bd2 Rd8 34. Kf1 Rd7 35. Ke1
Rd8 36. Kd1 Qf7 37. Kc1 Qg6 38. Ne3 Nxe3 39. fxe3 Bd6 40. Rc4 Bf8 41. Qh3 Re6
42. Bc3 Rc6 43. Kb2 Rd7 44. Qh2 Rd8 45. Kb1 Rd7 46. Bb2 Rd8 47. Ka2 Rd7 48. Ba3
Rd8 49. Qg2 Rd7 50. Rh2 Rd8 51. Qh1 Rd7 52. Bb2 Re6 53. Bc3 Re8 54. Bb2 Re6 55.
Ba3 Rc6 56. Qf3 Rd8 57. Kb1 Rd7 58. Qh1 Rd8 59. Bb2 Rd7 60. d4 e4 61. dxc5 Rxc5
62. Rxe4 Rxa5 63. Rd4 Rxd4 64. Bxd4 Rb5 65. Kb2 Qf7 66. Rf2 Be7 67. Qf1 Rd5 68.
Bxf6 Bxf6+ 69. Rxf6 Qe7 70. Rf3 b5 71. e4 Rd6 72. Rf5 Rxh6 73. e5 Re6 74. Qe2
h6 75. Qe4 Kg7 76. Qd5 Qe8 77. Qd4 Qe7 78. Rf2 Qc7 79. Re2 a5 80. Qd5 Qc6 81.
Qd8 a4 82. Rf2 Qe8 83. Qd4 axb3 84. cxb3 Qe7 85. b4 Qc7 86. Rf5 Qb7 87. Rf2 Qc7
88. Re2 Qe7 89. Rc2 Rxe5 90. Rc5 Kf6 91. Rxb5 Qc7 92. Rxe5 Qxe5 93. Qxe5+ Kxe5
94. Kc3 Ke4 95. b5 Kd5 96. Kd3 1-0

[Event "Bastia Cup"]
[Site "Bastia"]
[Date "1999.12.04"]
[Round "1.2"]
[White "Kharlov, Andrei"]
[Black "Akopian, Vladimir"]
[Result "1-0"]
[WhiteElo "2615"]
[BlackElo "2646"]
[PlyCount "152"]
[EventDate "1999.11.??"]
[EventType "k.o. (rapid)"]
[EventRounds "4"]
[EventCountry "FRA"]
[SourceTitle "CBM 073 ext"]
[Source "ChessBase"]
[SourceDate "2000.01.11"]
[SourceVersion "1"]
[SourceVersionDate "2000.01.11"]
[SourceQuality "1"]

1. d4 Nf6 2. c4 e6 3. Nc3 Bb4 4. e3 b6 5. Nge2 Ba6 6. a3 Bxc3+ 7. Nxc3 d5 8.
Qf3 c6 9. b3 O-O 10. Bb2 Bb7 11. Be2 Nbd7 12. O-O Rb8 13. cxd5 Nxd5 14. e4 Nxc3
15. Qxc3 Nf6 16. f3 Qe7 17. a4 Rfd8 18. a5 c5 19. dxc5 bxc5 20. a6 Bc6 21. Ra5
Qe8 22. Rxc5 Bb5 23. Rg5 e5 24. Rxe5 Bxe2 25. Rxe8+ Nxe8 26. Ra1 Rd3 27. Qe1
Rdxb3 28. Be5 R8b5 29. Qxe2 Rxe5 30. Qd1 Rc3 31. Rc1 Rxc1 32. Qxc1 h6 33. Qc8
Re7 34. h4 Kf8 35. Qc5 f6 36. Kh2 Kf7 37. Qd5+ Kf8 38. g4 Re5 39. Qb7 Re7 40.
Kg3 Nd6 41. Qb8+ Ne8 42. g5 hxg5 43. hxg5 fxg5 44. Kg4 Kf7 45. Kxg5 Nc7 46. Qc8
Ne6+ 47. Kg4 Rc7 48. Qb8 g6 49. f4 Rd7 50. Qb7 Re7 51. Qd5 Kg7 52. Qd6 Kf7 53.
Qd5 Kg7 54. Qe5+ Kf7 55. Qd6 Nf8 56. Kf3 Ne6 57. Ke3 Nc7 58. Kf3 Ne6 59. Kg4
Nf8 60. Qd5+ Kg7 61. Qc5 Kf7 62. Qc4+ Kg7 63. Qb4 Kf7 64. Qd4 Ne6 65. Qd5 Kg7
66. Qd6 Kf7 67. f5 gxf5+ 68. exf5 Nf8 69. f6 Rd7 70. Qc6 Kg6 71. Qc5 Kf7 72.
Kf5 Ke8 73. Qc8+ Kf7 74. Qc6 Ke8 75. Qc4 Rh7 76. Qe4+ Kf7 1-0

[Event "Bastia Cup"]
[Site "Bastia"]
[Date "1999.12.04"]
[Round "1.3"]
[White "Akopian, Vladimir"]
[Black "Kharlov, Andrei"]
[Result "1-0"]
[WhiteElo "2646"]
[BlackElo "2615"]
[PlyCount "103"]
[EventDate "1999.11.??"]
[EventType "k.o. (rapid)"]
[EventRounds "4"]
[EventCountry "FRA"]
[SourceTitle "CBM 073 ext"]
[Source "ChessBase"]
[SourceDate "2000.01.11"]
[SourceVersion "1"]
[SourceVersionDate "2000.01.11"]
[SourceQuality "1"]

1. Nf3 d5 2. g3 Bg4 3. Bg2 Nd7 4. O-O c6 5. d3 e5 6. e4 dxe4 7. dxe4 Ngf6 8.
Nbd2 Be7 9. h3 Bxf3 10. Bxf3 O-O 11. a4 a5 12. Qe2 Nc5 13. Nc4 Qc7 14. b3 Ne6
15. Bb2 Nd4 16. Bxd4 exd4 17. e5 Nd5 18. Qe4 Nb4 19. Rad1 Rad8 20. Rxd4 Rxd4
21. Qxd4 Nxc2 22. Qd2 Nb4 23. Rd1 Rd8 24. Nd6 g6 25. Qd4 Bf8 26. Qf4 Bg7 27.
Kg2 Qe7 28. Nc4 Rxd1 29. Bxd1 b5 30. Nxa5 Bxe5 31. Qe4 Bd6 32. Qxe7 Bxe7 33.
Bf3 Bd8 34. Nb7 Bc7 35. Nc5 Kf8 36. axb5 cxb5 37. Be2 Ke7 38. Bxb5 Kd6 39. Ne4+
Ke5 40. Nd2 Kd4 41. Nf3+ Kc3 42. Bc4 f6 43. Bg8 h6 44. Ne1 Kd2 45. Nf3+ Kd3 46.
Ne1+ Kd4 47. Nf3+ Kc5 48. h4 Kd6 49. Bf7 g5 50. hxg5 hxg5 51. Nd4 Ke7 52. Nf5+
1-0

[Event "Corsica op"]
[Site "Bastia"]
[Date "1999.??.??"]
[Round "3"]
[White "Kharlov, Andrei"]
[Black "Sulskis, Sarunas"]
[Result "1/2-1/2"]
[WhiteElo "2615"]
[BlackElo "2521"]
[PlyCount "69"]
[EventDate "1999.11.??"]
[EventType "swiss (rapid)"]
[EventRounds "9"]
[EventCountry "FRA"]
[SourceTitle "EXT 2001"]
[Source "ChessBase"]
[SourceDate "2000.11.22"]
[SourceVersion "1"]
[SourceVersionDate "2000.11.22"]
[SourceQuality "1"]

1. d4 Nf6 2. c4 e6 3. Nc3 Bb4 4. e3 b6 5. Nge2 Ba6 6. a3 Bxc3+ 7. Nxc3 d5 8.
Qf3 O-O 9. cxd5 Nxd5 10. Bxa6 Nxa6 11. O-O c5 12. Nxd5 Qxd5 13. Qxd5 exd5 14.
dxc5 Nxc5 15. Bd2 d4 16. exd4 Nb3 17. Rad1 Nxd4 18. Be3 Ne6 19. g4 f5 20. Rd6
Rae8 21. gxf5 Rxf5 22. Rc1 h5 23. Rcc6 Nf4 24. Rd7 Nd5 25. Rg6 Re7 26. Rxe7
Nxe7 27. Re6 Kf7 28. Re4 Rb5 29. Bd4 Rd5 30. Kf1 g5 31. Be3 g4 32. Ke2 Nf5 33.
Rc4 Re5 34. Kd3 Rd5+ 35. Ke2 1/2-1/2

[Event "RUS-ch KO"]
[Site "Moscow"]
[Date "1999.12.17"]
[Round "2.1"]
[White "Aseev, Konstantin"]
[Black "Kharlov, Andrei"]
[Result "1/2-1/2"]
[WhiteElo "2533"]
[BlackElo "2615"]
[Annotator "Hecht"]
[PlyCount "95"]
[EventDate "1999.12.04"]
[EventType "k.o."]
[EventRounds "6"]
[EventCountry "RUS"]
[SourceTitle "CBM 075"]
[Source "ChessBase"]
[SourceDate "2000.04.05"]
[SourceVersion "1"]
[SourceVersionDate "2000.04.05"]
[SourceQuality "1"]

1. e4 c5 2. Nf3 Nc6 3. d4 cxd4 4. Nxd4 Nf6 5. Nc3 e5 6. Ndb5 d6 7. Bg5 a6 8.
Na3 b5 9. Nd5 Be7 10. Bxf6 Bxf6 11. c3 O-O 12. Nc2 Bg5 13. a4 bxa4 14. Rxa4 a5
15. Bc4 Rb8 16. Ra2 Kh8 17. O-O g6 18. Qe2 Bh6 19. Rd1 f5 20. f3 fxe4 21. Qxe4
Bf5 22. Qe2 Qh4 23. Bd3 Be6 24. Be4 Ne7 25. Nce3 Bxe3+ 26. Qxe3 Rb5 27. Nc7
Bxa2 28. Nxb5 d5 29. Bb1 Bxb1 30. Qxe5+ Qf6 31. Qxf6+ Rxf6 32. Rxb1 Rb6 33. Nd4
(33. Na3 $5) 33... a4 34. Re1 (34. Ra1 $142) 34... Rxb2 $1 35. Ra1 (35. Rxe7 a3
36. Kf1 a2 37. Re1 g5 {[%csl Gb3,Gc2] und es geht nicht nur nicht weiter,
sondern Weiß wird sogar in Zugzwang geraten.}) 35... Kg7 36. Rxa4 g5 $14 {
Der weiße König spielt nicht mit, so dass Weiß kaum gewinnen kann.} 37. Ra7 Kf6
38. Ra6+ Kf7 39. g3 Rd2 40. Rh6 Kg7 41. Re6 Kf7 42. Re3 Ng6 43. f4 gxf4 44.
gxf4 Kf6 45. Re6+ Kf7 46. f5 Nf4 47. Re3 Kf6 48. Rf3 1/2-1/2

[Event "RUS-ch KO"]
[Site "Moscow"]
[Date "1999.12.18"]
[Round "2.2"]
[White "Kharlov, Andrei"]
[Black "Aseev, Konstantin"]
[Result "1-0"]
[WhiteElo "2615"]
[BlackElo "2533"]
[Annotator "Golod,V"]
[PlyCount "43"]
[EventDate "1999.12.04"]
[EventType "k.o."]
[EventRounds "6"]
[EventCountry "RUS"]
[SourceTitle "CBM 075"]
[Source "ChessBase"]
[SourceDate "2000.04.05"]
[SourceVersion "1"]
[SourceVersionDate "2000.04.05"]
[SourceQuality "1"]

1. d4 Nf6 2. c4 e6 3. Nc3 Bb4 4. Qc2 c5 5. dxc5 Na6 6. a3 Bxc3+ 7. Qxc3 Nxc5 8.
b4 Nce4 9. Qb2 {Besides,white has two options:} (9. Qc2 $5 {See comments to
Dao Thien Hai-Antonio,R/ Yangon,1998/CBM 69(0-1)    (Golod,V)(28) and Sjoberg,
M-Brynell,S/ Stockholm,1999/CBM 73(1/2-1/2)(Golod,V)(46)}) ({and} 9. Qd4 $5 {
See comments to Ionov,S-Aseev,K/ St.Petersburg,1997/CBM 58(0-1)(Ftacnik) (27)})
9... Nd6 {[%mdl 4] On my opinion this idea is pretty dubious and was made by
Tsesarsky,Ilya for first time.} (9... d5 $5 {Is the main line.}) 10. c5 $1 (10.
Qb3 $143 {See comments to Soffer,R-Tsesarsky,I/ Petah Tiqwa,1998/CBM63(1-0)
(Tsesarsky,I) (50)}) 10... Nc4 $6 $146 {I don't think it's a good spot for the
black's knight.It would be better to:} (10... Nf5 11. g4 $5 (11. g3 d6 12. cxd6
Qxd6 13. Bg2 e5 14. Nf3 e4 15. Bf4 $14 {Ballo,E-Florea,D/Apolda,1997(1/2-1/2)
(30)}) 11... Nxg4 12. e4 {[%csl Rg7][%cal Yf5g7]} O-O $2 (12... Ne7 $142 13.
Qxg7 Rg8 14. Qb2 (14. Qxh7 Nf6 15. Qh4 Ng6 16. Qg5 Nxe4 17. Qxd8+ Kxd8 18. Bg2
{+/=/=}) 14... d6 15. Nf3 $14) 13. exf5 exf5 14. Bf4 Re8+ 15. Ne2 $18 {
Pedersen,D-Jakobsen,L/Aarhus,1999(1-0) (41)}) 11. Qc3 d5 ({Weakly:} 11... b5 {
in view of:} 12. e4 {()} Nxe4 13. Qxg7 Qf6 14. Qxf6 Nxf6 15. a4 {[%csl Yb5,Rc4]
} Ba6 16. Nf3 $16 {[%cal Gf3d4]}) 12. e4 $1 (12. e3 $143 b5 13. Nf3 {+/=/=})
12... b5 $2 {[%mdl 16384]} ({It's necessarily:} 12... Nxe4 13. Qxg7 Qf6 14.
Qxf6 Nxf6 15. Bxc4 dxc4 16. Bb2 Ke7 17. Rc1 {[%csl Rc4]} a5 18. Rxc4 Rg8 $44)
13. Bxc4 $1 bxc4 ({Probably it's stronger when Aseev,K is taking a bishop with
another pawn:} 13... dxc4 14. f3 {+/=/+/-} (14. Bg5 $143)) 14. e5 Ne4 15. Qd4 {
[%cal Gf2f3] Now is a threat 16.f3 Qh417.g3} f6 $2 {[%mdl 16384]} (15... Qh4 {
It was only one chance for black do not let to white to make (16.f3).} 16. Nf3
Qh5 {+/=/+/-}) 16. f3 fxe5 17. Qxe5 Nf6 $2 ({More stubborn resistance after:} 
17... Qh4+ 18. g3 Qf6 19. Bf4 Ng5 $1 $16 {[%csl Ra1]}) 18. Ne2 {Full
domination,black doesn't have space for any movement .} O-O 19. O-O Re8 20. c6
$1 $18 {[%csl Yc6,Rc8][%cal Yc6d7,Yc6b7]} Qb6+ 21. Nd4 Ba6 22. b5 $1 {Further
resistance is impossible.} (22. b5 Bc8 (22... Bxb5 23. Rb1 a6 24. a4 $18 {
[%csl Rb5]}) 23. a4 $18) 1-0

[Event "RUS-ch KO"]
[Site "Moscow"]
[Date "1999.12.19"]
[Round "3.1"]
[White "Kharlov, Andrei"]
[Black "Grischuk, Alexander"]
[Result "1/2-1/2"]
[WhiteElo "2615"]
[BlackElo "2549"]
[PlyCount "77"]
[EventDate "1999.12.04"]
[EventType "k.o."]
[EventRounds "6"]
[EventCountry "RUS"]
[SourceTitle "CBM 075"]
[Source "ChessBase"]
[SourceDate "2000.04.05"]
[SourceVersion "1"]
[SourceVersionDate "2000.04.05"]
[SourceQuality "1"]

1. e4 e5 2. Nf3 Nc6 3. Bb5 a6 4. Ba4 Nf6 5. O-O Be7 6. Re1 b5 7. Bb3 d6 8. c3
O-O 9. a3 Kh8 10. d4 exd4 11. cxd4 d5 12. Ne5 Na5 13. Bxd5 Nxd5 14. exd5 Qxd5
15. Bd2 Bb7 16. Nf3 Nc6 17. Nc3 Qd8 18. d5 Na5 19. Bf4 Nc4 20. Qc2 h6 21. Ne5
Bd6 22. Bg3 Bxe5 23. Bxe5 Nxe5 24. Rxe5 c6 25. dxc6 Bxc6 26. Rae1 Qf6 27. Qf5
Qxf5 28. Rxf5 Rab8 29. Rc5 Ba8 30. b4 Rbc8 31. Ree5 f6 32. Rxc8 Rxc8 33. Re3 g5
34. f3 Kg7 35. g4 h5 36. Ne2 hxg4 37. fxg4 Rc4 38. h3 Re4 39. Rxe4 1/2-1/2

[Event "RUS-ch KO"]
[Site "Moscow"]
[Date "1999.12.20"]
[Round "3.2"]
[White "Grischuk, Alexander"]
[Black "Kharlov, Andrei"]
[Result "1/2-1/2"]
[WhiteElo "2549"]
[BlackElo "2615"]
[PlyCount "51"]
[EventDate "1999.12.04"]
[EventType "k.o."]
[EventRounds "6"]
[EventCountry "RUS"]
[SourceTitle "CBM 075"]
[Source "ChessBase"]
[SourceDate "2000.04.05"]
[SourceVersion "1"]
[SourceVersionDate "2000.04.05"]
[SourceQuality "1"]

1. e4 c5 2. Nf3 Nc6 3. Bb5 d6 4. O-O Bd7 5. Re1 a6 6. Bxc6 Bxc6 7. d4 cxd4 8.
Nxd4 Nf6 9. Nxc6 bxc6 10. c4 g6 11. Nc3 Bg7 12. Qa4 Qd7 13. c5 O-O 14. cxd6
exd6 15. Rd1 Nh5 16. Be3 Be5 17. Bd4 Qb7 18. Bxe5 dxe5 19. b3 Nf4 20. Rd6 Rfd8
21. Rad1 Qe7 22. Rxd8+ Rxd8 23. Rxd8+ Qxd8 24. g3 Qd2 25. gxf4 Qxc3 26. fxe5
1/2-1/2

[Event "RUS-ch KO"]
[Site "Moscow"]
[Date "1999.12.20"]
[Round "3.3"]
[White "Kharlov, Andrei"]
[Black "Grischuk, Alexander"]
[Result "0-1"]
[WhiteElo "2615"]
[BlackElo "2549"]
[PlyCount "70"]
[EventDate "1999.12.04"]
[EventType "k.o."]
[EventRounds "6"]
[EventCountry "RUS"]
[SourceTitle "CBM 075"]
[Source "ChessBase"]
[SourceDate "2000.04.05"]
[SourceVersion "1"]
[SourceVersionDate "2000.04.05"]
[SourceQuality "1"]

1. e4 e5 2. Nf3 Nc6 3. Bb5 a6 4. Ba4 Nf6 5. O-O Be7 6. Re1 b5 7. Bb3 d6 8. c3
O-O 9. a3 h6 10. d4 Bg4 11. Ba2 exd4 12. cxd4 d5 13. e5 Ne4 14. h3 Bh5 15. g4
Bg6 16. Qb3 Qe8 17. Nc3 Na5 18. Qd1 Nxc3 19. bxc3 Nc4 20. Nd2 Bh4 21. Nxc4 bxc4
22. Bb1 Rb8 23. Bf5 Rb3 24. Qf3 Qd8 25. Ra2 c5 26. Rd1 Bg5 27. Bxg6 fxg6 28.
Bxg5 Qxg5 29. Qxd5+ Kh7 30. Qxc4 Rbb8 31. Qd3 Rb3 32. Kg2 cxd4 33. Qxd4 Rf4 34.
Qe3 Rxg4+ 35. Kh2 Rg2+ 0-1

[Event "LTU-chT"]
[Site "Vilnius"]
[Date "2000.??.??"]
[Round "3"]
[White "Kharlov, Andrei"]
[Black "Jatautis, Donatas"]
[Result "1-0"]
[WhiteElo "2616"]
[BlackElo "2155"]
[PlyCount "87"]
[EventDate "2000.??.??"]
[EventType "team"]
[EventRounds "7"]
[EventCountry "LTU"]
[SourceTitle "EXT 2005"]
[Source "ChessBase"]
[SourceDate "2004.11.15"]
[SourceVersion "1"]
[SourceVersionDate "2004.11.15"]
[SourceQuality "1"]

1. d4 Nf6 2. c4 g6 3. Nc3 Bg7 4. e4 d6 5. h3 O-O 6. Be3 e5 7. d5 c6 8. Bd3 Na6
9. g4 cxd5 10. cxd5 Nc5 11. Bc2 a5 12. Nge2 h5 13. f3 Bd7 14. Ng3 b5 15. Bg5 b4
16. Nce2 a4 17. Rc1 Qa5 18. b3 Nh7 19. Be3 h4 20. Nf1 Bf6 21. Kf2 Bg5 22. Qd2
f6 23. Kg2 Kg7 24. Bxg5 Nxg5 25. Ne3 Rab8 26. bxa4 Bxa4 27. Bxa4 Qxa4 28. Rc4
Rb7 29. Rb1 Rfb8 30. Nc1 Qa3 31. Nb3 Na4 32. Nd1 Ra8 33. Rc2 Raa7 34. Qf2 Ra8
35. Nc1 Nc5 36. Ne3 Qa6 37. Nc4 Rab8 38. Nxd6 Rc7 39. Rxc5 Qxd6 40. Rxc7+ Qxc7
41. Nb3 Rc8 42. Rc1 Qb8 43. Rxc8 Qxc8 44. Qxh4 1-0